[Event "Nordic-ch U17"]
[Site "Heinola"]
[Date "2018.02.10"]
[Round "4"]
[White "Gurevicius, Laurynas"]
[Black "Pantzar, Milton"]
[Result "0-1"]
[WhiteElo "1765"]
[BlackElo "2260"]
[PlyCount "120"]
[EventDate "2018.02.09"]
[EventType "swiss"]
[EventRounds "6"]
[EventCountry "FIN"]
[SourceTitle "EXT 2019"]
[Source "ChessBase"]
[SourceDate "2018.10.10"]
[SourceVersion "1"]
[SourceVersionDate "2018.10.10"]
[SourceQuality "1"]

1. e4 e5 2. Nf3 Nc6 3. Bb5 a6 4. Ba4 Nf6 5. 0-0 Be7 6. Re1 b5 7. Bb3 d6 8. c3 0-0 9. h3 Na5 10. Bc2 c5 11. d4 Qc7 12. Nbd2 Be6 13. d5 Bd7 14. Nf1 Nc4 15. b3 Nb6 16. g4 Rfc8 17. Ng3 c4 18. Bd2 a5 19. Rc1 cxb3 20. axb3 a4 21. Be3 axb3 22. Bxb3 g6 23. Nd2 Na4 24. c4 b4 25. Bxa4 Bxa4 26. Qe2 Nd7 27. Rb1 Rab8 28. Rb2 Nc5 29. Reb1 Qb7 30. Ndf1 Bd8 31. Nd2 Be8 32. f4 Na4 33. Rxb4 Qxb4 34. Rxb4 Rxb4 35. fxe5 dxe5 36. Qf2 Nb2 37. Ngf1 Nxc4 38. Nxc4 Rbxc4 39. Nd2 Rc1+ 40. Kg2 Bb5 41. Qg3 R1c3 42. Qf2 Be7 43. Bh6 Rd3 44. Qa7 Bf8 45. Qb7 Rc2 46. Qb8 Rcxd2+ 47. Bxd2 Rxd2+ 48. Kg3 Bf1 49. Qxe5 Rd3+ 50. Kf2 Bxh3 51. Ke2 Ra3 52. g5 Bg4+ 53. Kd2 h5 54. d6 Ra7 55. Qd4 Rb7 56. e5 Be6 57. Ke3 Bg7 58. Kf3 Kh7 59. Kg3 Bf8 60. Kh4 Rb3 0-1

[Event "Nordic-ch U17"]
[Site "Heinola"]
[Date "2018.02.09"]
[Round "1"]
[White "Gurevicius, Laurynas"]
[Black "Heimisson, Hilmir Freyr"]
[Result "0-1"]
[WhiteElo "1765"]
[BlackElo "2136"]
[PlyCount "96"]
[EventDate "2018.02.09"]
[EventType "swiss"]
[EventRounds "6"]
[EventCountry "FIN"]
[SourceTitle "EXT 2019"]
[Source "ChessBase"]
[SourceDate "2018.10.10"]
[SourceVersion "1"]
[SourceVersionDate "2018.10.10"]
[SourceQuality "1"]

1. e4 c5 2. c3 Nf6 3. e5 Nd5 4. d4 cxd4 5. cxd4 d6 6. Nf3 Nc6 7. exd6 e6 8. Nc3 Bxd6 9. Bd3 Nf4 10. 0-0 Nxd3 11. Qxd3 0-0 12. Ng5 f5 13. a3 h6 14. Nf3 Qf6 15. d5 Rd8 16. Qe2 exd5 17. Nxd5 Qe6 18. Qxe6+ Bxe6 19. Nc3 Kf7 20. b4 Rac8 21. Bb2 Ne5 22. Nxe5+ Bxe5 23. Rac1 Rd3 24. Rfd1 Rdxc3 25. Bxc3 Rxc3 26. Rxc3 Bxc3 27. Rc1 Be5 28. g3 Bd7 29. Rc5 Ke6 30. Kf1 Kd6 31. Rc2 a6 32. Ke2 Kd5 33. f3 Bb5+ 34. Kd2 Bc6 35. Kd3 Bd4 36. Rg2 Ba4 37. g4 Bb5+ 38. Kc2 Bf1 39. Rd2 f4 40. h4 Bb5 41. g5 h5 42. Kb3 Bc6 43. a4 Ke5 44. Kc4 Bd5+ 45. Kd3 Bxf3 46. b5 axb5 47. axb5 Be4+ 48. Kc4 Bd5+ 0-1